[Event "PRO League Pacific 2017"]
[Site "chess.com INT"]
[Date "2017.02.01"]
[Round "4"]
[White "Orlov, Georgi"]
[Black "Liou, Yian"]
[Result "1/2-1/2"]
[WhiteTitle "IM"]
[BlackTitle "IM"]
[WhiteElo "2475"]
[BlackElo "2414"]
[WhiteTeam "Seattle Sluggers"]
[BlackTeam "San Francisco Mechanics"]
[WhiteFideId "2011271"]
[BlackFideId "2039583"]
[EventDate "2017.01.11"]

1. e4 e5 2. Nf3 Nc6 3. Bc4 Bc5 4. c3 Nf6 5. d3 a6 6. O-O Ba7 7. Bb3 O-O 8. Re1
d6 9. h3 h6 10. Nbd2 Re8 11. Nf1 Be6 12. Bc2 d5 13. Qe2 b5 14. exd5 Bxd5 15. Ng3
Qd7 16. Nh4 Rad8 17. Ne4 Qe6 18. Qf3 Nd7 19. Nf5 Ne7 20. g4 Bb6 21. b4 c5 22. a4
cxb4 23. cxb4 Qc6 24. Re2 Nxf5 25. gxf5 Bd4 26. axb5 axb5 27. Ra5 Bb6 28. Ra3
Bd4 29. Qg3 Kh7 30. Be3 Bxe3 31. Qxe3 Nf6 32. Nc5 Ra8 33. Rxa8 Rxa8 34. Kh2 Re8
35. Qg3 Nh5 36. Qg1 Nf4 37. Re3 Qf6 38. d4 Bc6 39. Qg3 Qg5 40. f6+ Kg8 41. Qxg5
hxg5 42. dxe5 gxf6 43. exf6 Rxe3 44. fxe3 Nd5 45. Be4 Nxb4 46. Bxc6 Nxc6 47. Kg3
Kh7 48. Kg4 Kg6 49. Ne4 Ne5+ 50. Kg3 b4 51. Nd2 Kxf6 52. h4 gxh4+ 53. Kxh4 Nd3
54. Kg3 Ke5 55. Kf3 Nc5 56. Ke2 Kd5 57. Kd1 Ne4 58. Nf3 f6 59. Kc2 Kc4 60. Nd4
Nc5 61. Nf5 b3+ 62. Kb2 Nd3+ 63. Kb1 Kc3 64. Nd6 Nc5 65. Nb5+ Kb4 66. Nc7 Kc3
67. Nd5+ Kd3 68. Nxf6 Ne4 69. Nd5 Nc3+ 70. Nxc3 Kxc3 71. e4 Kd4 72. Kb2 Kxe4 73.
Kxb3 1/2-1/2

[Event "PRO League Pacific 2017"]
[Site "chess.com INT"]
[Date "2017.02.01"]
[Round "4"]
[White "Sargissian, Gabriel"]
[Black "Liou, Yian"]
[Result "1-0"]
[WhiteTitle "GM"]
[BlackTitle "IM"]
[WhiteElo "2667"]
[BlackElo "2414"]
[WhiteTeam "Seattle Sluggers"]
[BlackTeam "San Francisco Mechanics"]
[WhiteFideId "13300881"]
[BlackFideId "2039583"]
[EventDate "2017.01.11"]

1. d4 d5 2. c4 c6 3. Nc3 Nf6 4. e3 a6 5. Nf3 g6 6. Be2 Bg7 7. O-O O-O 8. b3 Ne4
9. Bb2 Nxc3 10. Bxc3 Bg4 11. Rc1 Nd7 12. cxd5 cxd5 13. Qd2 Nf6 14. Ba5 b6 15.
Bb4 Ne4 16. Qb2 a5 17. Ba3 Qd7 18. Rfe1 Rfc8 19. h3 Bxf3 20. Bxf3 e6 21. Rxc8+
Rxc8 22. Rc1 Bf8 23. Bxf8 Rxc1+ 24. Qxc1 Kxf8 25. Bxe4 dxe4 26. Qc4 Qd6 27. a4
h5 28. g3 Qd5 29. Kg2 Kg7 30. h4 Kf8 31. Qc3 Kg7 32. b4 axb4 33. Qxb4 Qa2 34.
Qxb6 Qxa4 35. Qc7 Qa8 36. Qe5+ Kg8 37. Kh3 Qa2 38. Kg2 Qa8 39. Qf4 Qc6 40. g4
hxg4 41. Qxg4 Kf8 42. Kg3 Qc2 43. Qf4 Qb1 44. Kg2 Qc2 45. h5 gxh5 46. Qh6+ Ke8
47. Qh8+ Ke7 48. Qxh5 Qb1 49. Qh4+ Ke8 50. Qh8+ Ke7 51. Qe5 Kf8 52. Qf6 Ke8 53.
Qh4 Kd7 54. Kg3 Qb8+ 55. Kg4 f5+ 56. Kh3 Qb1 57. Kg2 Qd1 58. Qf4 Qh5 59. Qg3 Qd1
60. Qf4 Qh5 61. Kg3 Qd1 62. Kh4 Qg1 63. Qg3 Qh1+ 64. Kg5 Qh8 65. Qe5 Qg8+ 66.
Kh6 Qe8 67. Qb5+ Ke7 68. Qc5+ Kd7 69. Qa7+ Kd6 70. Qa3+ Kd7 71. Qa7+ Kd6 72. Qg7
Qb5 73. Qf8+ Kd7 74. Kg7 Qe2 75. Kf6 Qxf2 76. Qe7+ Kc6 77. Qxe6+ Kb7 78. Qb3+
Ka7 79. Ke5 Qf3 80. d5 f4 81. Qa3+ Kb6 82. Qb4+ Ka6 83. Qa4+ Kb6 84. Qc6+ Ka5
85. Qc3+ Kb6 86. Qb4+ Ka7 87. Qe7+ Kb6 88. Qf6+ Kb5 89. Qxf4 Qg2 90. Qxe4 Qg5+
91. Kd4 Qg7+ 92. Qe5 Qa7+ 93. Kd3 Qa3+ 94. Qc3 Qa2 95. Qc6+ Ka5 96. Qa8+ 1-0

[Event "PRO League Pacific 2017"]
[Site "chess.com INT"]
[Date "2017.02.01"]
[Round "4"]
[White "Cervantes Landeiro, Thalia"]
[Black "Shabalov, Alexander"]
[Result "0-1"]
[WhiteTitle "WCM"]
[BlackTitle "GM"]
[WhiteElo "1967"]
[BlackElo "2563"]
[WhiteTeam "Webster Windmills"]
[BlackTeam "Pittsburgh Pawngrabbers"]
[WhiteFideId "3520498"]
[BlackFideId "2008572"]
[EventDate "2017.01.11"]

1. d4 d6 2. c4 f5 3. Nf3 Nf6 4. g3 g6 5. Bg2 Bg7 6. O-O O-O 7. b3 a5 8. Bb2 a4
9. Nbd2 a3 10. Bc3 c6 11. Qc2 d5 12. Ne5 Be6 13. Rad1 Nbd7 14. Ndf3 Kh8 15. e3
Bg8 16. Bb4 Ng4 17. Nxd7 Qxd7 18. h3 Nf6 19. Ne5 Qe6 20. cxd5 Nxd5 21. Bd2 Rfc8
22. Nd3 Qd6 23. Rc1 b6 24. Rfd1 c5 25. dxc5 bxc5 26. Nxc5 e5 27. b4 e4 28. Be1
Qe7 29. Bf1 Rab8 30. Ba6 Rc7 31. Qa4 Bb2 32. Rc2 Bf7 33. Bd2 h5 34. Bc1 Be5 35.
Bxa3 h4 36. Bb2 Rxb4 37. Bxe5+ Qxe5 38. Qa3 hxg3 39. fxg3 Qxg3+ 40. Rg2 Qxe3+
41. Qxe3 Nxe3 42. Rd8+ Kg7 43. Re2 Rb1+ 44. Kf2 Nd1+ 45. Kg2 Rxc5 46. Re1 Rc2+
47. Kg3 Rc3+ 48. Kf4 Rb6 49. Rexd1 Rxa6 50. h4 Rf3+ 51. Ke5 Re6+ 52. Kd4 e3 53.
Re1 e2 54. Rc8 Re4+ 0-1

[Event "PRO League Pacific 2017"]
[Site "chess.com INT"]
[Date "2017.02.01"]
[Round "4"]
[White "Boros, Denes"]
[Black "Hua, David A"]
[Result "1-0"]
[WhiteTitle "GM"]
[WhiteElo "2444"]
[BlackElo "2285"]
[WhiteTeam "Webster Windmills"]
[BlackTeam "Pittsburgh Pawngrabbers"]
[WhiteFideId "722340"]
[BlackFideId "2030047"]
[EventDate "2017.01.11"]

1. e4 c5 2. Nf3 e6 3. Be2 d6 4. O-O Nd7 5. Re1 Ngf6 6. Bf1 Qc7 7. c3 Be7 8. d4
a6 9. Bg5 b5 10. a4 bxa4 11. Rxa4 Bb7 12. Nbd2 Nb6 13. Ra1 O-O 14. Bd3 c4 15.
Bc2 e5 16. Nf1 h6 17. Bd2 Rfe8 18. h3 Bf8 19. Ng3 g6 20. d5 a5 21. Be3 Reb8 22.
Qd2 Kh7 23. Nh4 Nbd7 24. Rf1 Bg7 25. Kh1 Ba6 26. Rab1 Nc5 27. f4 Nd3 28. fxe5
Nxe5 29. Bd4 Re8 30. Ba4 Re7 31. Rf2 Nfd7 32. Ngf5 gxf5 33. Nxf5 Nf8 34. Nxg7
Kxg7 35. Qf4 Ng6 36. Qg3 Kh7 37. Rbf1 Nd3 38. Rf6 Nde5 39. h4 Rg8 40. h5 Nf8 41.
Rxh6+ Kxh6 42. Qxg8 1-0

[Event "PRO League Pacific 2017"]
[Site "chess.com INT"]
[Date "2017.02.01"]
[Round "4"]
[White "Smith, Bryan G"]
[Black "Liu, Elliott"]
[Result "1/2-1/2"]
[WhiteTitle "GM"]
[BlackTitle "FM"]
[WhiteElo "2423"]
[BlackElo "2284"]
[WhiteTeam "Philadelphia Inventors"]
[BlackTeam "Las Vegas Desert Rats"]
[WhiteFideId "2017083"]
[BlackFideId "2019850"]
[EventDate "2017.01.11"]

1. e4 e6 2. d4 d5 3. Nd2 dxe4 4. Nxe4 Nf6 5. Nxf6+ gxf6 6. Nf3 Nc6 7. Be3 Qd6 8.
Qd2 Bd7 9. g3 Ne7 10. Bg2 Qa6 11. a3 Nd5 12. Bh6 Bd6 13. Bf1 Bb5 14. Bxb5+ Qxb5
15. O-O-O O-O-O 16. Qd3 Qa4 17. c4 Nb6 18. Bg7 Nxc4 19. Bxh8 Rxh8 20. Nd2 Na5
21. b4 Rd8 22. Kb2 Be5 23. Nf3 Nc6 24. Qb3 Qxb3+ 25. Kxb3 Nxd4+ 26. Nxd4 Bxd4
27. f4 Rd6 28. Rhf1 f5 29. Kc4 Be3 30. b5 b6 31. a4 Bc5 32. Rd3 Kd7 33. Rfd1 Ke7
34. a5 Kd7 35. a6 Ke7 36. R1d2 Kf6 37. Re2 Ke7 38. Red2 Kf6 39. Re2 Ke7 40. Red2 1/2-1/2

[Event "PRO League Pacific 2017"]
[Site "chess.com INT"]
[Date "2017.02.01"]
[Round "4"]
[White "Smith, Bryan G"]
[Black "Troff, Kayden W"]
[Result "1/2-1/2"]
[WhiteTitle "GM"]
[BlackTitle "GM"]
[WhiteElo "2423"]
[BlackElo "2511"]
[WhiteTeam "Philadelphia Inventors"]
[BlackTeam "Las Vegas Desert Rats"]
[WhiteFideId "2017083"]
[BlackFideId "2047896"]
[EventDate "2017.01.11"]

1. g3 Nf6 2. Bg2 d5 3. Nf3 g6 4. c4 Bg7 5. cxd5 Nxd5 6. O-O O-O 7. Nc3 c5 8. Qa4
Nc6 9. Nxd5 Qxd5 10. d3 Bd7 11. Qh4 Qf5 12. Bh6 Qf6 13. Qxf6 exf6 14. Bxg7 Kxg7
15. Rac1 b6 16. Rfd1 Rac8 17. a3 Be6 18. Rc3 Nd4 19. Nxd4 cxd4 20. Rcc1 Bb3 21.
Re1 Bc2 22. Bd5 b5 23. e3 Bxd3 24. exd4 Rxc1 25. Rxc1 Rd8 26. Rc5 f5 27. f3 g5
28. Kf2 Re8 29. Rc3 Re2+ 30. Kf1 Re3+ 31. Kf2 Re2+ 32. Kf1 Re3+ 33. Kf2 Re2+ 1/2-1/2

[Event "PRO League Pacific 2017"]
[Site "chess.com INT"]
[Date "2017.02.01"]
[Round "4"]
[White "Zavortink, Matt B"]
[Black "Lehmann, Spencer G"]
[Result "0-1"]
[WhiteElo "1979"]
[BlackElo "2040"]
[WhiteTeam "Portland Rain"]
[BlackTeam "St Louis Arch Bishops"]
[WhiteFideId "2034263"]
[BlackFideId "2069261"]
[EventDate "2017.01.11"]

1. d4 Nf6 2. Bf4 d5 3. e3 e6 4. Nf3 Bd6 5. Bg3 c5 6. c3 Nc6 7. Nbd2 O-O 8. Bd3
b6 9. O-O Bb7 10. Ne5 Qc7 11. f4 Ne7 12. Qb1 Ng6 13. Nxg6 hxg6 14. Bh4 cxd4 15.
cxd4 Bb4 16. Rc1 Qd7 17. Nf3 Ne4 18. Ne5 Qd6 19. Bxe4 dxe4 20. a3 Bd2 21. Nc4
Bxe3+ 22. Nxe3 Qxf4 23. Bf2 f5 24. Qa2 Rae8 25. d5 Qg5 26. h4 Qe7 27. dxe6 f4
28. Nd5 Qxe6 29. Nc3 Qxa2 30. Rxa2 e3 31. Be1 f3 32. gxf3 Rxf3 33. Ne2 Ref8 34.
Bc3 Rh3 35. Ng3 Rxg3+ 36. Kh2 Rg2+ 37. Kh1 Rxb2+ 38. Kg1 Rxa2 39. Be5 Rg2+ 40.
Kh1 Rg5+ 0-1

[Event "PRO League Pacific 2017"]
[Site "chess.com INT"]
[Date "2017.02.01"]
[Round "4"]
[White "Wheeler, Cameron"]
[Black "Margvelashvili, Giorgi"]
[Result "0-1"]
[WhiteTitle "FM"]
[BlackTitle "GM"]
[WhiteElo "2398"]
[BlackElo "2530"]
[WhiteTeam "San Francisco Mechanics"]
[BlackTeam "Seattle Sluggers"]
[WhiteFideId "2060531"]
[BlackFideId "13602926"]
[EventDate "2017.01.11"]

1. d4 Nf6 2. c4 d6 3. Nf3 g6 4. g3 Bg7 5. Bg2 O-O 6. O-O c6 7. Nc3 Nbd7 8. e4 e5
9. h3 Re8 10. Be3 exd4 11. Nxd4 Nc5 12. Qc2 Qe7 13. Rfe1 a5 14. Rad1 Nfd7 15. f4
a4 16. b4 axb3 17. Nxb3 Nxb3 18. axb3 Nc5 19. b4 Na6 20. b5 Nb4 21. Qb3 c5 22.
e5 dxe5 23. Ne4 b6 24. Nxc5 bxc5 25. Bxa8 Bxh3 26. Bh1 Bg4 27. Ra1 Bf5 28. b6
Nc2 29. b7 Nxa1 30. Rxa1 exf4 31. b8=Q fxe3 32. Qxe8+ Qxe8 33. Ra8 Bc8 34. Bf3
e2 35. Bxe2 Qxe2 36. Rxc8+ Bf8 37. Qc3 Qe6 38. Rb8 Qd6 39. Qb2 f6 40. Rb3 Kg7
41. Qe2 Be7 42. Rb7 Kf7 43. Qe4 Qxg3+ 44. Kf1 Qd6 45. Ke2 Qe6 46. Kd3 Qxe4+ 47.
Kxe4 Ke6 48. Rb6+ Bd6 49. Ra6 f5+ 50. Kf3 h5 51. Ra2 g5 52. Re2+ Kf6 53. Rd2 g4+
54. Kf2 Be5 55. Rd8 f4 56. Rf8+ Kg6 57. Rg8+ Kf5 58. Rh8 Bxh8 0-1

[Event "PRO League Pacific 2017"]
[Site "chess.com INT"]
[Date "2017.02.01"]
[Round "4"]
[White "Wheeler, Cameron"]
[Black "He, Daniel Ming"]
[Result "1-0"]
[WhiteTitle "FM"]
[WhiteElo "2398"]
[BlackElo "2178"]
[WhiteTeam "San Francisco Mechanics"]
[BlackTeam "Seattle Sluggers"]
[WhiteFideId "2060531"]
[BlackFideId "2084570"]
[EventDate "2017.01.11"]

1. d4 Nf6 2. c4 e6 3. Nf3 Bb4+ 4. Bd2 a5 5. g3 d6 6. Bg2 Nbd7 7. O-O e5 8. Bg5
exd4 9. Nxd4 h6 10. Bf4 O-O 11. a3 Bc5 12. Nc3 a4 13. b4 axb3 14. Nxb3 Rxa3 15.
Nxc5 Rxa1 16. Qxa1 Nxc5 17. Rd1 Qe7 18. Qa7 Be6 19. Bxb7 Bxc4 20. Bf3 Rd8 21.
Rd4 d5 22. Qxc7 Qxc7 23. Bxc7 Rd7 24. Be5 Nb3 25. Bxf6 gxf6 26. Nxd5 Nxd4 27.
Nxf6+ Kg7 28. Nxd7 Bxe2 29. Bd5 Bf3 30. Bxf3 Nxf3+ 31. Kg2 Ne1+ 32. Kf1 Nf3 33.
Ke2 Ng5 34. f4 Ne6 35. Kd3 Kg6 36. Ne5+ Kf6 37. Ke4 h5 38. Nd3 Ng7 39. Nc5 Kg6
40. Nd7 h4 41. Ne5+ Kf6 42. g4 Ke6 43. f5+ Ke7 44. h3 Ne8 45. Kf4 Nc7 46. Nf3 f6
47. Nxh4 Kf7 48. Ke4 Kg7 49. Nf3 Kh6 50. h4 Nb5 51. Kd5 Nc3+ 52. Ke6 Ne4 53. g5+
Kg7 54. Ke7 1-0

[Event "PRO League Pacific 2017"]
[Site "chess.com INT"]
[Date "2017.02.01"]
[Round "4"]
[White "Wahl, Jackson B"]
[Black "Li, Ruifeng"]
[Result "0-1"]
[BlackTitle "IM"]
[WhiteElo "2147"]
[BlackElo "2564"]
[WhiteTeam "Minnesota Blizzard"]
[BlackTeam "Dallas Destiny"]
[WhiteFideId "2093057"]
[BlackFideId "2061074"]
[EventDate "2017.01.11"]

1. d4 d5 2. c4 c6 3. Nc3 Nf6 4. cxd5 cxd5 5. Nf3 Nc6 6. Bf4 Nh5 7. Bg3 Nxg3 8.
hxg3 g6 9. e3 Bg7 10. Bd3 O-O 11. a3 f6 12. Qb3 Be6 13. Qxb7 Na5 14. Qa6 Bf7 15.
b4 Rc8 16. Ne2 Nc4 17. Bxc4 Rxc4 18. O-O Qd7 19. Rfc1 Rfc8 20. Rxc4 Rxc4 21. Rc1
Qf5 22. Nd2 Rxc1+ 23. Nxc1 Qc2 24. Ndb3 e5 25. Qd3 Qb2 26. a4 Bh6 27. b5 Be6 28.
Qe2 Qc3 29. Qd3 Qe1+ 30. Qf1 Qb4 31. Nc5 Bf5 32. N1d3 Qc4 33. Nc1 Qb4 34. N1b3
Bc2 35. Na1 Bxa4 36. Nxa4 Qxa4 37. dxe5 fxe5 38. Qb1 Bf8 39. e4 dxe4 40. Nc2 Bc5
41. Ne3 Bxe3 42. fxe3 Qc4 43. Kf2 Kg7 44. Qb2 Kf6 45. g4 Qc5 46. Qb3 Kg5 47. Kg3
Qc8 48. Qd1 h6 49. Kh2 Qxg4 50. Qd8+ Kh5 51. Qd5 Qh4+ 52. Kg1 Qe1+ 53. Kh2 Qxe3
54. Qxe5+ Qg5 55. Qd4 Qf5 56. Qxa7 Qxb5 57. Qe3 Qf5 58. Qe2+ Kg5 59. g3 Kf6 60.
Qa6+ Qe6 61. Qf1+ Ke7 62. Qf4 h5 63. Qc7+ Kf6 64. Qf4+ Kg7 65. Qc7+ Kh6 66. Qf4+
g5 67. Qf8+ Kg6 68. Qc5 e3 69. Qc2+ Kh6 70. Qe2 g4 71. Kg1 Qe5 72. Kh2 Kg5 73.
Kg2 Qd5+ 74. Kh2 Qe4 75. Qb5+ Qf5 76. Qe8 Qf2+ 77. Kh1 Qf1+ 78. Kh2 Qh3+ 79. Kg1
Qxg3+ 80. Kh1 Qf3+ 81. Kg1 Kh4 82. Kh2 Qe2+ 83. Kg1 Qf2+ 84. Kh1 Qf4 85. Kg2
Qf3+ 86. Kg1 Kg3 87. Qe5+ Qf4 88. Qxh5 Qf2+ 89. Kh1 Qf1# 0-1

[Event "PRO League Pacific 2017"]
[Site "chess.com INT"]
[Date "2017.02.01"]
[Round "4"]
[White "Toolin, Christopher"]
[Black "Tang, Andrew"]
[Result "0-1"]
[BlackTitle "IM"]
[WhiteElo "2209"]
[BlackElo "2466"]
[WhiteTeam "Dallas Destiny"]
[BlackTeam "Minnesota Blizzard"]
[WhiteFideId "2024543"]
[BlackFideId "2059630"]
[EventDate "2017.01.11"]

1. c4 e6 2. d4 d5 3. Nc3 Be7 4. Nf3 Nf6 5. Bf4 O-O 6. e3 Nbd7 7. Qc2 c5 8. Rd1
cxd4 9. Rxd4 Qa5 10. Bg3 Nb6 11. Nd2 Bb4 12. a3 Bxc3 13. Qxc3 Qxc3 14. bxc3 Bd7
15. Bd6 Rfc8 16. g4 dxc4 17. Nxc4 Nxc4 18. Bxc4 b5 19. Bd3 Rxc3 20. Kd2 Rac8 21.
Be5 Rxa3 22. Rb1 Nd5 23. e4 Nb6 24. Bxb5 Ra2+ 25. Ke3 Bxb5 26. Rxb5 Rc3+ 27. Rd3
Nc4+ 28. Kd4 Rxd3+ 29. Kxd3 Nxe5+ 30. Rxe5 Rxf2 31. h4 Rf4 32. h5 Rxg4 33. Ra5
h6 34. Ke3 Rg5 35. Rxa7 Rxh5 36. Ra8+ Kh7 37. Ra7 Kg6 38. Ra1 Rh3+ 39. Kd4 Rg3
40. Ke5 Rg5+ 41. Kf4 e5+ 42. Kf3 h5 43. Rh1 f6 44. Rh2 Rg4 45. Rh1 Kg5 46. Rh2
g6 47. Rh1 h4 48. Rh2 Rg3+ 49. Kf2 Kg4 50. Rh1 f5 51. exf5 gxf5 52. Ra1 h3 53.
Ra6 Rg2+ 54. Kf1 Rb2 55. Rg6+ Kf3 56. Kg1 Rg2+ 0-1

[Event "PRO League Pacific 2017"]
[Site "chess.com INT"]
[Date "2017.02.01"]
[Round "4"]
[White "Zherebukh, Yaroslav"]
[Black "Zavortink, Matt B"]
[Result "1-0"]
[WhiteTitle "GM"]
[WhiteElo "2617"]
[BlackElo "1979"]
[WhiteTeam "St Louis Arch Bishops"]
[BlackTeam "Portland Rain"]
[WhiteFideId "14116804"]
[BlackFideId "2034263"]
[EventDate "2017.01.11"]

1. e4 e6 2. d4 d5 3. Nd2 Be7 4. Bd3 c5 5. dxc5 Nf6 6. Qe2 O-O 7. Ngf3 a5 8. h4
dxe4 9. Nxe4 Nbd7 10. Nfg5 Bxc5 11. Bd2 h6 12. O-O-O Nxe4 13. Nxe4 b6 14. Bc3
Qe7 15. Bb5 Rd8 16. Rh3 f5 17. Nxc5 Nxc5 18. Rg3 Rxd1+ 19. Qxd1 g5 20. hxg5 hxg5
21. Rh3 e5 22. Qd5+ 1-0

[Event "PRO League Pacific 2017"]
[Site "chess.com INT"]
[Date "2017.02.01"]
[Round "4"]
[White "Swiercz, Dariusz"]
[Black "Zavortink, Matt B"]
[Result "1-0"]
[WhiteTitle "GM"]
[WhiteElo "2647"]
[BlackElo "1979"]
[WhiteTeam "St Louis Arch Bishops"]
[BlackTeam "Portland Rain"]
[WhiteFideId "1126881"]
[BlackFideId "2034263"]
[EventDate "2017.01.11"]

1. e4 e6 2. d4 d5 3. Nc3 Bb4 4. e5 Ne7 5. a3 Bxc3+ 6. bxc3 c5 7. Nf3 b6 8. a4
Ba6 9. Bb5+ Bxb5 10. axb5 Qd7 11. Qe2 c4 12. Rb1 a6 13. bxa6 Rxa6 14. O-O Nbc6
15. Nh4 Ng6 16. Qh5 Nxh4 17. Qxh4 O-O 18. Qg4 Ne7 19. h4 b5 20. h5 f5 21. exf6
Rxf6 22. Bg5 Rf7 23. Bxe7 Rxe7 24. Rfe1 Ra2 25. Re2 Kf8 26. Qf4+ Kg8 27. Qg4 Kf8
28. Rbe1 e5 29. Qxd7 Rxd7 30. dxe5 d4 31. e6 Rd5 32. e7+ Ke8 33. Re4 Rd7 34.
cxd4 Rxc2 35. f4 b4 36. f5 b3 37. h6 gxh6 38. f6 1-0

[Event "PRO League Pacific 2017"]
[Site "chess.com INT"]
[Date "2017.02.01"]
[Round "4"]
[White "Holt, Conrad"]
[Black "Nagle, Sean"]
[Result "0-1"]
[WhiteTitle "GM"]
[BlackTitle "IM"]
[WhiteElo "2567"]
[BlackElo "2423"]
[WhiteTeam "Dallas Destiny"]
[BlackTeam "Minnesota Blizzard"]
[WhiteFideId "2034387"]
[BlackFideId "2013878"]
[EventDate "2017.01.11"]

1. d4 Nf6 2. c4 g6 3. Nc3 Bg7 4. e4 d6 5. Nf3 O-O 6. h3 e5 7. d5 a5 8. Bg5 Na6
9. Nd2 Qe8 10. Be2 Nd7 11. g4 Ndc5 12. Rg1 Kh8 13. Nf1 f6 14. Be3 f5 15. gxf5
gxf5 16. exf5 Bxf5 17. Ng3 Bg6 18. Nh5 Nb4 19. Kd2 Nbd3 20. Nxg7 Kxg7 21. Bh5
Nxb2 22. Qg4 Rf4 23. Bxf4 Nxc4+ 24. Kc1 Nd3+ 25. Kc2 Nxf4+ 26. Bxg6 hxg6 27.
Rae1 c6 28. dxc6 bxc6 29. Re4 d5 30. Rxc4 dxc4 31. Rb1 Qc8 32. Qg5 Qf5+ 33. Qxf5
gxf5 34. Rb7+ Kf6 35. Rc7 Ra6 36. h4 Nd5 37. Rc8 Nb4+ 38. Kd2 c5 39. Rxc5 Rd6+
40. Ke2 Rd4 41. a3 Nd3 42. Rc6+ Kg7 43. Nb5 Re4+ 44. Kf1 Rxh4 45. Nd6 Rh5 46.
Nxc4 Nf4 47. Ke1 Rh1+ 48. Kd2 e4 49. Ke3 Ng2+ 50. Kd4 Rf1 51. Ne3 Rxf2 52. Rc7+
Kg6 53. Nd5 Rd2+ 54. Ke5 Rxd5+ 55. Kxd5 e3 56. Re7 e2 57. Kc4 e1=Q 58. Rxe1 Nxe1
59. Kb5 Nc2 60. Kxa5 Nxa3 61. Kb4 Kg5 62. Kc3 Kg4 63. Kd2 Kg3 0-1

[Event "PRO League Pacific 2017"]
[Site "chess.com INT"]
[Date "2017.02.01"]
[Round "4"]
[White "Durarbayli, Vasif"]
[Black "Shabalov, Alexander"]
[Result "0-1"]
[WhiteTitle "GM"]
[BlackTitle "GM"]
[WhiteElo "2616"]
[BlackElo "2563"]
[WhiteTeam "Webster Windmills"]
[BlackTeam "Pittsburgh Pawngrabbers"]
[WhiteFideId "13402935"]
[BlackFideId "2008572"]
[EventDate "2017.01.11"]

1. e4 c5 2. Nf3 d6 3. d4 cxd4 4. Nxd4 Nf6 5. Nc3 Nc6 6. Bg5 e6 7. Qd2 a6 8.
O-O-O Bd7 9. f4 h6 10. Bh4 b5 11. Nxc6 Bxc6 12. Qe1 Qa5 13. Kb1 b4 14. Bxf6 gxf6
15. Nd5 f5 16. Nf6+ Kd8 17. e5 Kc7 18. Bc4 dxe5 19. fxe5 Be7 20. Rf1 Rad8 21.
Rxd8 Rxd8 22. g4 Rd4 23. b3 f4 24. h4 Bg2 25. Rf2 f3 26. h5 Bxf6 27. exf6 Qg5
28. a3 Qxf6 29. axb4 Qd8 30. Ka2 Rd1 31. Qe5+ Qd6 32. Qa5+ Kd7 33. Qxa6 Qd4 34.
Qb5+ Kd8 35. Qa5+ Ke7 36. Qc5+ Qxc5 37. bxc5 e5 38. Bd3 Re1 39. Rd2 e4 40. Bb5
e3 41. Rd7+ Kf6 42. c6 Rc1 43. c7 Rxc2+ 44. Kb1 Rc5 45. b4 Rc3 46. Kb2 e2 47.
Kxc3 e1=Q+ 48. Kb3 Qb1+ 49. Ka3 Qc1+ 50. Kb3 f2 51. Bc4 Qxc4+ 52. Kxc4 f1=Q+ 53.
Kc5 Qc1+ 54. Kb6 Qc6+ 0-1

[Event "PRO League Pacific 2017"]
[Site "chess.com INT"]
[Date "2017.02.01"]
[Round "4"]
[White "Perelshteyn, Eugene"]
[Black "Grabinsky, Aaron"]
[Result "1/2-1/2"]
[WhiteTitle "GM"]
[WhiteElo "2508"]
[BlackElo "2380"]
[WhiteTeam "Pittsburgh Pawngrabbers"]
[BlackTeam "Webster Windmills"]
[WhiteFideId "2012529"]
[BlackFideId "2087090"]
[EventDate "2017.01.11"]

1. d4 e6 2. Nf3 Nf6 3. Bf4 b6 4. e3 Bb7 5. h3 c5 6. c3 d5 7. Nbd2 Nc6 8. Bd3 Bd6
9. O-O Qc7 10. Bxd6 Qxd6 11. Re1 O-O 12. dxc5 Qxc5 13. e4 dxe4 14. Nxe4 Nxe4 15.
Bxe4 Rfd8 16. Qe2 h6 17. Rad1 a5 18. Rxd8+ Rxd8 19. Rd1 Rxd1+ 20. Qxd1 Qe7 21.
Qb3 Qc5 22. Qd1 Qe7 23. Qe2 Qc5 24. Qe3 Qxe3 25. fxe3 Kf8 26. Bxc6 Bxc6 27. Ne5
Bb5 28. c4 Be8 29. Kf2 Ke7 30. Kf3 Kd6 31. Nd3 Bc6+ 32. Kf2 e5 33. g3 Be4 34.
Ke2 f5 35. b3 g5 36. a3 h5 37. h4 gxh4 38. gxh4 Bxd3+ 39. Kxd3 Kc5 40. Kc3 b5
41. b4+ axb4+ 42. axb4+ Kc6 43. c5 Kd5 44. Kd3 Kc6 45. Kd2 Kc7 46. Ke2 Kc6 47.
Kd2 Kc7 48. Ke2 Kc6 49. Kd2 Kc7 1/2-1/2

[Event "PRO League Pacific 2017"]
[Site "chess.com INT"]
[Date "2017.02.01"]
[Round "4"]
[White "Mamedov, Rauf"]
[Black "Brown, Michael William"]
[Result "1/2-1/2"]
[WhiteTitle "GM"]
[BlackTitle "IM"]
[WhiteElo "2688"]
[BlackElo "2452"]
[WhiteTeam "San Jose Hackers"]
[BlackTeam "San Diego Surfers"]
[WhiteFideId "13401653"]
[BlackFideId "2037602"]
[EventDate "2017.01.11"]

1. e4 e5 2. Nf3 Nc6 3. Bc4 Bc5 4. c3 Nf6 5. d3 d6 6. O-O a6 7. Bg5 h6 8. Bh4 Ba7
9. Nbd2 O-O 10. a4 Re8 11. b4 Be6 12. Re1 Qe7 13. Nf1 Nb8 14. Ne3 Bxe3 15. Rxe3
Bxc4 16. dxc4 Nbd7 17. Nd2 Qe6 18. a5 Nf8 19. Bg3 Ng6 20. Re1 Nd7 21. Qe2 Rf8
22. Nf1 f5 23. exf5 Rxf5 24. Ne3 Rf7 25. Qc2 Raf8 26. Rad1 h5 27. h4 Nf4 28. Qe4
c6 29. Rd2 Nf6 30. Qf5 Re7 31. Qxe6+ Rxe6 32. f3 Ng6 33. Nc2 Kf7 34. Red1 Rd8
35. Ne3 Ne7 36. c5 d5 37. Nc4 Nf5 38. Nxe5+ Kg8 39. Bf4 Rde8 40. Nd3 Nxh4 41.
Bg5 Ng6 42. Rf2 Kf7 43. Rc2 Re2 44. Rxe2 Rxe2 45. Bd2 Nd7 46. Nc1 Re8 47. Nb3
Nde5 48. Nd4 Nc4 49. Bc1 Kf6 50. Kf2 Nge5 51. Kg3 g5 52. f4 gxf4+ 53. Bxf4 Rg8+
54. Kh3 Rg4 55. g3 Ng6 56. Bc7 Ne3 57. Rd2 Re4 58. Rf2+ Ke7 59. Bd6+ Ke8 60. Rf6
Ne7 61. Ne6 N3f5 62. Nf4 h4 63. gxh4 Re3+ 64. Kh2 Nxh4 65. Ne6 Nhf5 66. Bf4 Re2+
67. Kh3 Kd7 68. Nf8+ Ke8 69. Ne6 Kd7 70. Nf8+ Ke8 71. Kg4 Rg2+ 72. Kh3 Re2 1/2-1/2

[Event "PRO League Pacific 2017"]
[Site "chess.com INT"]
[Date "2017.02.01"]
[Round "4"]
[White "Khachiyan, Melikset"]
[Black "Mamedov, Rauf"]
[Result "1/2-1/2"]
[WhiteTitle "GM"]
[BlackTitle "GM"]
[WhiteElo "2530"]
[BlackElo "2688"]
[WhiteTeam "San Diego Surfers"]
[BlackTeam "San Jose Hackers"]
[WhiteFideId "13300512"]
[BlackFideId "13401653"]
[EventDate "2017.01.11"]

1. e4 g6 2. d4 Bg7 3. Nf3 d6 4. Be2 Nf6 5. Nc3 O-O 6. O-O Nc6 7. h3 e5 8. dxe5
dxe5 9. Qxd8 Rxd8 10. Bg5 Be6 11. Rad1 h6 12. Be3 Nh5 13. Rxd8+ Rxd8 14. Rd1 Nd4
15. Nxd4 exd4 16. Nb5 c5 17. Bxh5 gxh5 18. Bf4 a6 19. Nd6 b5 20. a3 Bf8 21. e5
f6 22. Ne4 fxe5 23. Bxe5 Bf5 24. Re1 c4 25. f3 a5 26. Bc7 Ra8 27. Bb6 Bg7 28.
Rd1 b4 29. Bxd4 Rd8 30. c3 bxa3 31. bxa3 Bf8 32. a4 Rb8 33. Be5 Rb2 34. Rd8 Kf7
35. Nd6+ Bxd6 36. Rxd6 Bc2 37. Ra6 Bxa4 38. Rxa5 Bd7 39. Ra6 Be6 40. Bd4 Rb1+
41. Kh2 Rb2 42. Ra7+ Kg6 43. Ra6 Kf7 44. Ra7+ Kg6 45. Ra6 Kf7 1/2-1/2